000 00595nam a2200241Ia 4500
003 OSt
005 20221007080126.0
006 a|||||r|||| 00| 0
007 ta
008 221006b |||||||| |||| 00| 0 eng d
024 _a41,765
037 _cTextual
040 _aFLL
_cFLL
_beng
041 _2eng
_aeng
082 _aZ2,315, Q5
100 _aTaxmann
245 0 _aLLP manual
250 _a3rd
260 _aNew Delhi
_bTaxmann Publication (`Pvt.) Ltd. India
_c2015
300 _ad.p.
_ccm.
942 _hZ2,315, Q5
_cTEXL
_2CC
999 _c1158431
_d1158431